| 000 | 00734nam a2200217Ii 4500 | ||
|---|---|---|---|
| 003 | JO-AjNU | ||
| 008 | 230605s9999||||xx |||||||||||||| ||und|| | ||
| 017 | _a2009/10792 | ||
| 020 | _a977-17-7057-8 | ||
| 040 |
_aJO-AjNU _bara _erda _cJO-AjNU |
||
| 041 | _aara | ||
| 050 | 1 | 4 | _aTS155.J337 2010 |
| 100 | 3 |
_aجادالرب، سيد محمد , _eauthor _944687 |
|
| 245 | 0 | 0 | _aادارة العمليات والانتاج المبادئ-الاساسيات-المناهج الحديثة |
| 264 | 3 | 1 | _aالقاهرة: د.م ،2010 |
| 300 | _a664ص | ||
| 336 |
_atext _btxt _2rdacontent |
||
| 337 |
_aunmediated _bn _2rdamedia |
||
| 338 |
_avolume _bnc _2rdacarrier |
||
| 650 | 4 |
_aالانتاج والعمليات-ادارة _944688 |
|
| 999 |
_aA19313 _c22881 _d22881 |
||